[Event "Nuremberg-ch op 04th"]
[Site "Nuremberg"]
[Date "2004.05.23"]
[Round "4"]
[White "Ruemler, Stefan"]
[Black "Wettermann, Bernd"]
[Result "1-0"]
[WhiteElo "1564"]
[BlackElo "1710"]
[PlyCount "81"]
[EventDate "2004.05.21"]
[EventType "swiss"]
[EventRounds "5"]
[EventCountry "GER"]
[SourceTitle "EXT 2006"]
[Source "ChessBase"]
[SourceDate "2005.11.24"]
[SourceVersion "1"]
[SourceVersionDate "2005.11.24"]
[SourceQuality "1"]

1. e4 e5 2. Nf3 Nc6 3. Nc3 Bc5 4. Be2 Nf6 5. d3 d6 6. 0-0 Bd7 7. a3 h6 8. Na4 Qe7 9. Nxc5 dxc5 10. Be3 0-0-0 11. Qd2 Bg4 12. b4 Nd4 13. Bxd4 cxd4 14. b5 Nh5 15. Qa5 Kb8 16. Rfb1 Bxf3 17. Bxf3 Nf4 18. Qb4 Qe6 19. a4 g5 20. a5 b6 21. axb6 cxb6 22. Ra6 Rd7 23. Rba1 g4 24. Bd1 h5 25. Qa3 Qe7 26. Rxb6+ Ka8 27. Qa6 Rb8 28. Rc6 Qb4 29. Bxg4 Rdb7 30. b6 Qe7 31. Bf3 h4 32. h3 f6 33. Bg4 Qg7 34. Qxa7+ Rxa7 35. Rxa7+ Qxa7 36. bxa7 Rb1+ 37. Kh2 Rf1 38. Ra6 Rxf2 39. Bc8 Rxg2+ 40. Kh1 Rxc2 41. Bb7+ 1-0

[Event "Mittelfranken-ch QT 50th"]
[Site "Buechenbach"]
[Date "2001.??.??"]
[Round "5"]
[White "Ruemler, Stefan"]
[Black "Weissmann, Peter"]
[Result "1-0"]
[WhiteElo "1565"]
[BlackElo "1719"]
[PlyCount "57"]
[EventDate "2001.04.11"]
[EventType "swiss"]
[EventRounds "7"]
[EventCountry "GER"]
[SourceTitle "EXT 2015"]
[Source "ChessBase"]
[SourceDate "2014.11.20"]
[SourceVersion "1"]
[SourceVersionDate "2014.11.20"]
[SourceQuality "1"]

1. e4 c5 2. Nf3 Nc6 3. d4 cxd4 4. Nxd4 Nf6 5. Nc3 e5 6. Nb3 Bb4 7. Bd2 Bxc3 8. Bxc3 Nxe4 9. Qg4 d5 10. Qxg7 Qf6 11. Qxf6 Nxf6 12. Bb5 Nd7 13. 0-0-0 d4 14. Bd2 0-0 15. Bh6 Re8 16. Rhe1 Re6 17. Bd2 a6 18. Bxc6 bxc6 19. f4 f6 20. Nxd4 Rd6 21. Nb3 Rd5 22. fxe5 Nxe5 23. Bc3 Rxd1+ 24. Rxd1 Bf5 25. Bxe5 fxe5 26. Re1 Re8 27. Nc5 Kf7 28. Nd3 Ke6 29. Nxe5 1-0